00508nam a2200181 a 4500001001300000003000900013005001700022008004100039020000800080082001300088100002900101245007800130260005000208300000900258500003500267505001500302650000900317nice12345678IN_TiNIC20260116011254.0050524s1927 cama grp 000 0 eng  ac000a955bBRO aBrowne, Edward Granville aYear Amongst the Persians, Impressions as to the Life Character & Thought aCambridge bCambridge University Press c1927 a650p aincludes index and biblioraphy2 aIll, Index aIran